LEADER 00874nam a2200205 i 4500 001 000000128865 003 CaOOAMICUS 005 20040921000000.0 008 040921n it u000 u ita u 013 $a101594 040 $aSeMil$bita 100 1 $aGandolfi, Lia.$0(OLS)http://semarc/name/17031 245 10$aGuida ragionata alla bibliografia di Luca Beltrami :$b(1881-1930) /$cLia Gandolfi. 260 $a[Milano] :$bComune di Milano,$c[19--] 300 $a191 p. :$briccamente ill. ;$c25 cm. 600 14$aBeltrami, Luca <1854-1933>.$0(OLS)http://semarc/subject/11875 850 $aSeMil 852 $aSeMil$W1$xVenegono$y1$m3O IV 64$j83041$B83041$CSeMilBibl$Z2$F86410 $81 996 $6245$aGuida ragionata alla bibliografia di Luca Beltrami :$b(1881-1930)$9(OLS)http://semarc/title/190411 996 $6260$a[Milano] :$bComune di Milano$9(OLS)http://semarc/publisher/33024 LEADER 01252nas a2200265 i 4500 001 000000234141 003 CaOOAMICUS 005 20141027000000.0 008 141006b2013 it uu u0 0mul r 013 $a213044 020 $a978-88-7462-670-0 040 $aSeMil$bita 245 12$aL'incidenza di Leibniz negli sviluppi della fenomenologia husserliana /$c[a cura di Francesco Bianchini ed Enrico Pasini]. 260 $aMacerata :$bQuodlibet,$ccopyr. 2013. 300 $a217 p. ;$c22 cm. 500 $aTitolo dalla copertina. - Formulazioni di responsabilità dalla 4. di copertina. - Articoli con sintesi in inglese [Abstract] in testa. 700 1 $aPasini, Enrico,$d<1961- >.$0(OLS)http://semarc/name/3340 700 1 $aBianchini, Francesco,$d<1972- >.$0(OLS)http://semarc/name/30062 774 0 $t[vedi periodico].$w()281727 850 $aSeMil 852 $aSeMil$W1$xVenegono$y1$m151 4 23/2$j184487$B184487$CSeMilBibl$Z2$F196238 $85 961 $aCambio: Scuola Cattolica 996 $6020$a978-88-7462-670-0$9(OLS)http://semarc/number/238217 996 $6245$aL'incidenza di Leibniz negli sviluppi della fenomenologia husserliana$9(OLS)http://semarc/title/334230 996 $6260$aMacerata :$bQuodlibet$9(OLS)http://semarc/publisher/33216